Elements of electromagnetics / (Record no. 190820)
[ view plain ]
| 000 -LEADER | |
|---|---|
| fixed length control field | 01057 a2200265 4500 |
| 003 - CONTROL NUMBER IDENTIFIER | |
| control field | NUST |
| 005 - DATE AND TIME OF LATEST TRANSACTION | |
| control field | 20221202151909.0 |
| 010 ## - LIBRARY OF CONGRESS CONTROL NUMBER | |
| LC control number | 2009042875 |
| 020 ## - INTERNATIONAL STANDARD BOOK NUMBER | |
| International Standard Book Number | 0195387759 |
| 020 ## - INTERNATIONAL STANDARD BOOK NUMBER | |
| International Standard Book Number | 9780195387759 |
| 035 ## - SYSTEM CONTROL NUMBER | |
| System control number | (OCoLC)ocn437300027 |
| 040 ## - CATALOGING SOURCE | |
| Transcribing agency | Nust |
| 082 00 - DEWEY DECIMAL CLASSIFICATION NUMBER | |
| Classification number | 537,SAD |
| 100 1# - MAIN ENTRY--PERSONAL NAME | |
| Personal name | Sadiku, Matthew N. O. |
| 245 10 - TITLE STATEMENT | |
| Title | Elements of electromagnetics / |
| Statement of responsibility, etc. | Matthew N.O. Sadiku. |
| 250 ## - EDITION STATEMENT | |
| Edition statement | 3rd ed. |
| 260 ## - PUBLICATION, DISTRIBUTION, ETC. | |
| Place of publication, distribution, etc. | New York : |
| Name of publisher, distributor, etc. | Oxford University Press, |
| Date of publication, distribution, etc. | 2010. |
| 300 ## - PHYSICAL DESCRIPTION | |
| Extent | xvi, 845 p. : |
| Other physical details | ill ; |
| Dimensions | 25 cm. |
| 505 ## - FORMATTED CONTENTS NOTE | |
| Formatted contents note | Part-1: Vector Analysis (Page-1) Part-2: Electrostatics(Page-102) Part-3: Magnetostatics (Page-261) Part-4: Waves and Applications (Page-369) |
| 650 #0 - SUBJECT ADDED ENTRY--TOPICAL TERM | |
| Topical term or geographic name entry element | Electromagnetism. |
| 856 42 - ELECTRONIC LOCATION AND ACCESS | |
| Materials specified | Contributor biographical information |
| Uniform Resource Identifier | <a href="http://www.loc.gov/catdir/enhancements/fy1010/2009042875-b.html">http://www.loc.gov/catdir/enhancements/fy1010/2009042875-b.html</a> |
| 856 42 - ELECTRONIC LOCATION AND ACCESS | |
| Materials specified | Publisher description |
| Uniform Resource Identifier | <a href="http://www.loc.gov/catdir/enhancements/fy1010/2009042875-d.html">http://www.loc.gov/catdir/enhancements/fy1010/2009042875-d.html</a> |
| 856 42 - ELECTRONIC LOCATION AND ACCESS | |
| Materials specified | Table of contents only |
| Uniform Resource Identifier | <a href="http://www.loc.gov/catdir/enhancements/fy1010/2009042875-t.html">http://www.loc.gov/catdir/enhancements/fy1010/2009042875-t.html</a> |
| 942 ## - ADDED ENTRY ELEMENTS (KOHA) | |
| Source of classification or shelving scheme | |
| Koha item type | Book |
| Call number prefix | 537,SAD |
| Withdrawn status | Lost status | Source of classification or shelving scheme | Damaged status | Not for loan | Permanent Location | Current Location | Shelving location | Date acquired | Total Checkouts | Full call number | Barcode | Checked out | Date last seen | Date last checked out | Price effective from | Koha item type | Public note |
|---|---|---|---|---|---|---|---|---|---|---|---|---|---|---|---|---|---|
| Military College of Signals (MCS) | Military College of Signals (MCS) | General Stacks | 12/12/2016 | 1 | 537,SAD | MCS36161 | 07/02/2024 | 03/04/2024 | 03/04/2024 | 12/12/2016 | Book | Almirah No.16, Shelf No.4 | |||||
| Military College of Signals (MCS) | Military College of Signals (MCS) | 12/12/2016 | 2 | 537,SAD | MCS36162 | 02/11/2026 | 01/14/2026 | 12/12/2016 | Book | Almirah No.16, Shelf No.4 |
